Basic documents on United Nations and related peace keeping forces (Record no. 35520)

MARC details
000 -LEADER
fixed length control field 00815nam a2200205 a 4500
008 - FIXED-LENGTH DATA ELEMENTS--GENERAL INFORMATION
fixed length control field 120416s1985 ||||||||||||||||| || u
020 ## - INTERNATIONAL STANDARD BOOK NUMBER
International Standard Book Number 9024731631
050 ## - LIBRARY OF CONGRESS CALL NUMBER
Classification number KJ 857 Bas
100 ## - MAIN ENTRY--PERSONAL NAME
Personal name Siekmann, Robert C. P
245 10 - TITLE STATEMENT
Title Basic documents on United Nations and related peace keeping forces
Statement of responsibility, etc. compiled by Robert C. P. Siekmann
260 ## - PUBLICATION, DISTRIBUTION, ETC.
Place of publication, distribution, etc. Dordrecht
Name of publisher, distributor, etc. Martinus Nijhoff
Date of publication, distribution, etc. 1985
300 ## - PHYSICAL DESCRIPTION
Extent xviii, 273p.
350 ## - PRICE (NR) (BK AM CF MU VM SE) [OBSOLETE]
Price 0.00
500 ## - GENERAL NOTE
General note At head of title: T.M.C. Asser Instituut. -Includes index.
650 ## - SUBJECT ADDED ENTRY--TOPICAL TERM
Topical term or geographic name entry element Multinational Force and Observers
650 ## - SUBJECT ADDED ENTRY--TOPICAL TERM
Topical term or geographic name entry element UNITED NATIONS--ARMED FORCES
650 ## - SUBJECT ADDED ENTRY--TOPICAL TERM
Topical term or geographic name entry element GOVERNMENT
710 ## - ADDED ENTRY--CORPORATE NAME
Corporate name or jurisdiction name as entry element T.M.C. Asser Instituut
995 ## - RECOMMENDATION 995 [LOCAL, UNIMARC FRANCE]
-- 0.00
-- CBU-MAIN LIBRARY (Kitwe)
-- 1
-- 38.75
-- 1
-- AVAILABLE
-- Annex Low-Usage Collection
Holdings
Withdrawn status Lost status Source of classification or shelving scheme Damaged status Not for loan Home library Current library Shelving location Date acquired Total Checkouts Full call number Barcode Date last seen Price effective from Koha item type
          CBU-MAIN LIBRARY, KITWE. CBU-MAIN LIBRARY, KITWE.   11/30/2022   KJ 857 Bas 009411 11/30/2022 11/30/2022 MONOGRAPH